Teoría literaria

Guardat en:
Dades bibliogràfiques
Autor principal: Wellek, Rene y Warren, Austin
Format: Llibre
Idioma:Undetermined
Publicat: Madrid, España Gredos 1979
Edició:4
Matèries:
Etiquetes: Afegir etiqueta
Sense etiquetes, Sigues el primer a etiquetar aquest registre!

MARC

LEADER 00000nam a2200000Ia 4500
008 170316s9999 xx 000 0 und d
090 |a 801 W-5t 
100 |a Wellek, Rene y Warren, Austin 
245 |a Teoría literaria 
250 |a 4 
260 |a Madrid, España 
260 |b Gredos 
260 |c 1979 
300 |a 430 páginas Nº 2 
650 |a TEORÍA LITERARIA 
650 |a ESTUDIOS LITERARIOS 
650 |a LITERATURA - FUNCIÓN 
650 |a LITERATURA - CRÍTICA 
650 |a LITERATURA - HISTORIA 
650 |a LITERATURA - TEORÍA 
650 |a LITERATURA GENERAL 
650 |a LITERATURA COMPARADA 
650 |a ESTILO 
650 |a ESTILÍSTICA 
650 |a IMAGEN 
650 |a METAFORA 
650 |a SÍMBOLO 
650 |a MITO 
650 |a FICCIÓN NARRATIVA 
650 |a GÉNEROS LITERARIOS 
650 |a VALORACIÓN 
650 |a HISTORIA LITERARIA 
999 |c 20757  |d 20757 
040 |a cru BVZT 
942 |c 15 D  |h 801 W-5t  |2 z